000 01068nji a22002657a 4500
005 20100920152347.0
006 a|||||r|||||00| 0
007 sd ammalaaahaa
008 100830t xxu||||| |||| 00| 0 eng d
028 _aBMLP.2020
_bHis Master's Voice
035 _aGR-04139
040 _aSED
_cSED
100 _917455
_aRoy, Geeta
245 _aYaadon ki manzil /
_cby Geeta Roy...[et.al]
_h[sound recording] :
246 _aयादों की मंजिल / गीता रॉय द्वारा
260 _aDum Dum, India
_bHis Master's Voice
_c1987
300 _a1 sound disc [Gramophone Recording]:
_banalog, 33 1/3 rpm
_c12.5 in. (LP)
_fGramophone Record
500 _aBrief Record
500 _aRecord labels :His Master's Voice, Red
505 _aSide-1 Chand hai wohi - Parineeta (Geeta Roy) -- Side-2 Nazar ne kah diya - Bhai Saheb (C.H. Atma)
600 _aRoy, Geeta
_920823
650 _aFilm songs
_zIndia
_91186
_xExcerpts
942 _2ddc
_cGR
999 _c47070
_d47070